Recuerdos de un hombre de letras

Gorde:
Xehetasun bibliografikoak
Egile nagusia: Daudet, Alphonse (Egilea)
Formatua: Liburua
Hizkuntza:gaztelania
Argitaratua: Buenos Aires Espasa Calpe 1950
Edizioa:1a. ed
Saila:Colección Austral, 972
Gaiak:
Etiketak: Etiketa erantsi
Etiketarik gabe, Izan zaitez lehena erregistro honi etiketa jartzen!

MARC

LEADER 00000cam a2200000 a 4500
001 UCE7425
003 CL-VaPUC
008 150605e19500000ag |||||||||||||||||spa|d
082 0 4 |a 842  |b DAU  |2 21 
100 0 |a Daudet, Alphonse  |e author  |9 580098 
245 1 0 |a Recuerdos de un hombre de letras 
250 |a 1a. ed 
300 |a 149 p 
942 |c BK 
945 |d 20150605 14:50:00  |a gsalatino 
260 |a Buenos Aires  |b Espasa Calpe  |c 1950 
650 0 |a Teatro francés  |9 265089 
583 |a last modification  |c 20150605 14:50:00  |k Rodrigo Vera 
490 0 |a Colección Austral, 972 
999 |c 359520  |d 359518 
952 |0 0  |1 0  |3 erb  |4 0  |6 842_000000000000000_DAU_1950  |7 0  |8 A  |9 468724  |a BIBEDU  |b BIBEDU  |e Villagrán Garnham, Jorge  |i 5177375  |o 842 DAU 1950  |p 5177375  |r 2019-11-23  |w 2019-11-23  |y BK  |z Catalogado en:20150605  |k LIT